De la noción de contrato al pactum displicentiae en derecho romano
Salvato in:
| Autore principale: | |
|---|---|
| Natura: | Libro |
| Lingua: | spagnolo |
| Pubblicazione: |
Oviedo
Universidad de Oviedo
1998
|
| Soggetti: | |
| Tags: |
Aggiungi Tag
Nessun Tag, puoi essere il primo ad aggiungerne!!
|
MARC
| LEADER | 00000nam a2200000 a 4500 | ||
|---|---|---|---|
| 001 | UCO8433 | ||
| 003 | CL-VaPUC | ||
| 008 | 001207e19980000SP |||||||||||||||||spa|d | ||
| 082 | 0 | 4 | |a 340.54 |b ROD |2 21 |
| 100 | 0 | |a Rodríguez Díaz, Emma |e author |9 453373 | |
| 245 | 1 | 0 | |a De la noción de contrato al pactum displicentiae en derecho romano |
| 300 | |a 258 p | ||
| 942 | |c BK | ||
| 945 | |d 20001207 00:00:00 |a vberengu | ||
| 260 | |a Oviedo |b Universidad de Oviedo |c 1998 | ||
| 650 | 7 | |a DERECHO ROMANO INTERPRETACION |2 CL-VaPUC |9 453374 | |
| 583 | |a last modification |c 20001207 00:00:00 |k Rodrigo Vera | ||
| 999 | |c 293092 |d 293090 | ||
| 952 | |0 0 |1 0 |4 0 |6 340_540000000000000_ROD_1998 |7 0 |8 DER_ROM |9 344279 |a BIBDER |b BIBDER |d 2019-11-20 |i 3670147 |o 340.54 ROD 1998 |p 3670147 |r 2023-01-25 |w 2019-11-20 |x Ubicación 4to piso |y BK |z Este recurso debe solicitarse con anticipación |k DER | ||